01380cam a2200277 4500001001300000003000400013005001700017008004100034010002300075040004100098043001200139100003700151245012500188260011100313300005900424490008300483500017900566500005000745504002500795650004200820650004300862650003800905700005000943710002900993810008001022gs 67000218 DLC20260227111421.0690430s1966 nmuab b 00010 eng c ags 67000218 //r933 aU.S. Geol. Survey. LibrarycDLCdDLC an-us-nm10aBerkstresser, Charles F.,d1923-10aGround-water resources and geology of Quay County, New Mexico,cby Charles F. Berkstresser, Jr. [and] Walter A. Mourant.0 aSocorro,bState Bureau of Mines and Mineral Resources, New Mexico Institute of Mining & Technology,c1966. a115 p.b(chiefly tables) illus., maps (2 col.)c23 cm.1 aNew Mexico. State Bureau of Mines and Mineral Resources. Ground-water report 9 aU.S. Geological Survey in co-operation with the New Mexico Institute of Mining and Technology, State Bureau of Mines and Mineral Resources, and the New Mexico State Engineer. aPart of illustrative matter folded in pocket. aBibliography: p. 23. 0aGroundwaterzNew MexicozQuay County. 0aWater-supplyzNew MexicozQuay County. 0aGeologyzNew MexicozQuay County.10aMourant, Walter Arthur,d1913-ejoint author.20aGeological Survey (U.S.)1 aNew Mexico.bBureau of Mines and Mineral Resources.tGround-water reportv9